000
00363nam a2200133Ia 4500
003
GCL
008
140319s9999 xx 000 0 ara d
040
_a
GCL /
_c
GCL
082
0
4
_a
658.409
_b
م ا
100
1
_a
محمد غازى صابر
245
1
0
_a
الاساليب الكمية فى الادارة /
_c
محمد غازى صابر
300
_a
159 ص
490
_a
999
_c
37791
_d
37791